Städte versteckt in einer Nachricht - Statistiken

Allgemein
  • Dieses Quiz wurde 157 mal gespielt
  • Das Durchschnittsergebnis liegt bei 10 aus 16
Antwortstatistiken
Stadt % Korrekt
Dresden
90%
Braunschweig
86%
Mannheim
84%
Bremen
75%
Siegen
75%
Dortmund
74%
Bonn
71%
Halle
65%
Paderborn
63%
Kassel
55%
Schwerin
52%
Fürth
43%
Kiel
43%
Moers
42%
Gera
33%
Marl
25%
Keine übereinstimmenden Quizze gefunden
Verteilung der Resultate
Anzahl Personen mit jedem Resultat
Perzentil nach korrekt beantworteten Fragen
Ihre Resultats-Entwicklung
Sie haben dieses Quiz noch nicht gespielt